| 000 | 01069cam a2200325 a 4500 | ||
|---|---|---|---|
| 999 |
_c531993 _d531993 |
||
| 001 | 694670 | ||
| 003 | NUST | ||
| 005 | 20191106095419.0 | ||
| 008 | 951124s1995 enkab b 001 0 eng d | ||
| 010 | _a 96103048 | ||
| 015 | _aGB95-96111 | ||
| 020 | _a0748400648 (cased : acid free paper) | ||
| 020 | _a0748400656 (paper : acidfree paper) | ||
| 035 | _a(OCoLC)33970110 | ||
| 038 | _aMSOHAIL | ||
| 040 |
_aUk _cUk _dGU _dDLC |
||
| 042 | _alccopycat | ||
| 050 | 0 | 4 |
_aG70.2 _b.W66 1995 |
| 082 | 0 | 0 |
_a910.285 _220 |
| 100 | 1 |
_aWorboys, Michael. _925244 |
|
| 245 | 1 | 0 |
_aGIS, a computing perspective / _cMichael F. Worboys. |
| 250 | _a2nd | ||
| 260 |
_aLondon ; _aBristol, PA : _bTaylor & Francis, _cc2004. |
||
| 300 |
_axiv, 426 p. : _bill., maps ; _c26 cm. |
||
| 504 | _aIncludes bibliographical references (p. 353-370) and index. | ||
| 650 | 0 |
_aGeographic information systems. _96117 |
|
| 906 |
_a7 _bcbc _ccopycat _du _encip _f19 _gy-gencatlg |
||
| 942 |
_2ddc _cBK |
||